M&M's or Skittles? Quiz Stats

 Plays Quiz Updated Jan 10, 2019

Support Sporcle.
Go Orange.
Score 0/22 Timer 05:00
3 Plays Today
Hint M or S? % Correct
Contains chocolate???
94.5%
Variations include peanut and pretzel???
93.5%
Slogan of 'Taste the Rainbow'???
93%
Has a 'tropical' variation???
92.1%
Colors have different flavors???
92%
Printed two letters on candy in 1998???
87.7%
Regular colors of red, yellow, green, purple, orange???
87%
It melts in your mouth, not your hand???
85.7%
Original variety comes in a red package???
85.2%
Regular colors of red, yellow, green, brown, orange, blue???
84.7%
Once had a tan-color of candy???
80.8%
Hint M or S? % Correct
Ingredients include citric acid???
75%
Had a Super Bowl XLV commercial???
73.7%
Removed red from colors for a while???
73.6%
Have been in space???
72.8%
Sponsors a NASCAR vehicle driven by Kyle Busch???
70.6%
Originally packaged in cardboard tubes???
69.8%
Founded in 1941???
67.2%
Developed by Wrigley's company???
66.4%
Tried to steal the other's recipe in 1980???
61.5%
British founded company???
60.9%
Has more Twitter followers???
34.8%

You're not logged in!

Compare scores with friends on all Sporcle quizzes.
OR
Log In
Forgot?

From the Vault

6-Letter Music Artists

by timschurz

Music 4m
Artists with more than 7 letters are just trying to flex their syllables.
Remove Ads.
Support Sporcle.
Get the best of Sporcle when you Go Orange. This ad-free experience offers more features, more stats, and more fun while also helping to support Sporcle. Thank you for becoming a member.

Show Comments

Extras

Top Quizzes Today


Score Distribution

Your Account Isn't Verified!

In order to create a playlist on Sporcle, you need to verify the email address you used during registration. Go to your Sporcle Settings to finish the process.

Report this User

Report this user for behavior that violates our Community Guidelines.

Details: